Các máy điện và máy biến thế :Nguyên lý hoạt động và ứng dụng thực tiễn

Salvato in:
Dettagli Bibliografici
Natura: Libro
Lingua:Vietnamese
Pubblicazione: Thống Kê 2004
Soggetti:
Tags: Aggiungi Tag
Nessun Tag, puoi essere il primo ad aggiungerne! !
Thư viện lưu trữ: Mạng thư viện Đại học Đà Nẵng
LEADER 01107nam a2200313 a 4500
001 000002737
003 00632
005 20171229145311.0
008 171229s2004 vie
040 |a LSK 
041 0 |a VIE 
082 0 |a 621.313  |b RY-P 
245 0 0 |a Các máy điện và máy biến thế :Nguyên lý hoạt động và ứng dụng thực tiễn  |c Peter F. Ryff, David Platnick, Joseph A. Karnas; Lê Ngọc Cương biên dịch 
260 |b Thống Kê  |c 2004 
300 |a 528 pages  |c 20,5 cm. 
653 |a Máy điện 
653 |a Máy biến thế 
852 |a Phòng Đọc - Phòng Mượn 
901 |a 20 
927 |a Sách tham khảo 
OWN |a LSK 
AVA |a UDN50  |b LSK  |d 621.313 RY-P  |e check_holdings  |t Error 5003 Not defined in file expand_doc_bib_avail.  |h N  |k 1 
999 |a From the UDN01 
AVA |a UDN50  |b LSK  |d 621.313 RY-P  |e available  |t Error 5001 Not defined in file expand_doc_bib_avail.  |f 20  |g 0  |h N  |i 0  |k 1 
TYP |a Monograph 
TYP |a Printed language 
980 |a Mạng thư viện Đại học Đà Nẵng